Anthology of amazing women: (Record no. 47743)
| 000 -LEADER | |
|---|---|
| fixed length control field | 00473nam a2200145 4500 |
| 020 ## - INTERNATIONAL STANDARD BOOK NUMBER | |
| International Standard Book Number | 9781787416253 |
| 100 ## - MAIN ENTRY--PERSONAL NAME | |
| Relator code | author. |
| Personal name | Lawrence, Sandra. |
| 9 (RLIN) | 85570 |
| 245 ## - TITLE STATEMENT | |
| Title | Anthology of amazing women: |
| Statement of responsibility, etc | Sandra Lawrence. |
| 260 ## - PUBLICATION, DISTRIBUTION, ETC. (IMPRINT) | |
| Place of publication, distribution, etc | London: |
| Name of publisher, distributor, etc | Templar Books; |
| Date of publication, distribution, etc | 2018. |
| 300 ## - PHYSICAL DESCRIPTION | |
| Extent | 128 p. |
| Other physical details | col. ill. |
| Dimensions | 24 cm. |
| 490 ## - SERIES STATEMENT | |
| Series statement | Trailblazers who dared to be different; |
| 650 ## - SUBJECT ADDED ENTRY--TOPICAL TERM | |
| Topical term or geographic name as entry element | Women biographies. |
| 9 (RLIN) | 85571 |
| 700 ## - ADDED ENTRY--PERSONAL NAME | |
| Relator code | Illustrator. |
| Personal name | Collins, Nathan. |
| 9 (RLIN) | 85572 |
| 942 ## - ADDED ENTRY ELEMENTS (KOHA) | |
| Source of classification or shelving scheme | |
| Koha item type | NON FIC SECTION |
| Withdrawn status | Lost status | Source of classification or shelving scheme | Damaged status | Not for loan | Collection code | Home library | Current library | Date acquired | Total Checkouts | Full call number | Barcode | Date last seen | Date checked out | Price effective from | Koha item type |
|---|---|---|---|---|---|---|---|---|---|---|---|---|---|---|---|
| Non-Fiction | Asian Hope Secondary Library | Asian Hope Secondary Library | 11/04/2024 | 1 | 920 LAW | 206650 | 01/16/2026 | 10/07/2025 | 11/04/2024 | NON FIC SECTION |